000 00489nam a2200157 i 4500
001 43030
003 ES-MaACL
007 t|
008 030314s1972 ag ||||1| spa d
100 1 _aCastro, Josué de.
_936869
245 1 0 _aEnsayos sobre el subdesarrollo /
_cJosué de Castro ; [traducción de Juan José Sebreli].
260 _aBuenos Aires :
_bSiglo Veinte,
_c[1972]
300 _a179 p. ;
_c20 cm.
700 1 _aSebreli, Juan José.
_9105029
852 _aES-MaACL
_jE-8625
_bR.93070
999 _c43030
_d43030